Todos os Jogadores Convocados por Ancelotti pela Seleção Brasileira - Statistics

Estatísticas Gerais
  • Esse quiz foi jogado 154 vezes
  • A pontuação média é 42 de 55
Estatísticas das Respostas
Posição Time Nº De Convocações Resposta % Correto
GOL Liverpool 3 Alisson
99%
ZAG PSG 4 Marquinhos
98%
GOL Al-Nassr 5 Bento
97%
GOL Corinthians 5 Hugo Souza
97%
GOL Fenerbahçe 3 Ederson
96%
MC Atalanta 1 Ederson
96%
ZAG Cruzeiro 3 Fabrício Bruno
94%
ATA Real Madrid 4 Vinicius Jr.
93%
LD Flamengo 3 Danilo
92%
ZAG Arsenal 4 Gabriel Magalhães
92%
LE Flamengo 4 Alex Sandro
91%
ZAG Real Madrid 2 Éder Militão
91%
ZAG Flamengo 1 Léo Pereira
91%
ATA Barcelona 3 Raphinha
91%
ATA Real Madrid 2 Rodrygo
90%
LD Roma 5 Wesley
90%
ATA Chelsea 3 João Pedro
89%
MC Manchester United 5 Casemiro
88%
ATA Arsenal 4 Gabriel Martinelli
88%
ATA Lyon 1 Endrick
87%
MC Newcastle United 4 Bruno Guimarães
85%
ZAG PSG 2 Lucas Beraldo
85%
ATA Chelsea 4 Estevão
84%
ATA Brentford 1 Igor Thiago
83%
ATA Tottenham Hotspur 4 Richarlison
83%
ZAG Juventus 1 Bremer
82%
ATA Real Betis 1 Antony
81%
ZAG Flamengo 1 Léo Ortiz
81%
ATA Cruzeiro 1 Kaio Jorge
79%
ATA Zenit 4 Luiz Henrique
79%
ATA Manchester United 5 Matheus Cunha
79%
MC Wolverhampton 1 André
78%
MC Chelsea 4 Andrey Santos
72%
MC Al-Ittihad 2 Fabinho
72%
ZAG Al-Ahli 1 Ibañez
72%
GOL Nottingham Forrest 2 John
72%
MC Flamengo 3 Lucas Paquetá
71%
LE Zenit 3 Douglas Santos
70%
MC Newcastle United 2 Joelinton
70%
ATA Palmeiras 1 Vitor Roque
70%
MC Palmeiras 2 Andreas Pereira
69%
ATA Nottingham Forest 1 Igor Jesus
69%
MC Wolverhampton 1 João Gomes
69%
LD Vasco da Gama 2 Paulo Henrique
69%
LE Bahia 1 Luciano Juba
67%
LE Monaco 3 Caio Henrique
65%
MC Galatasaray 1 Gabriel Sara
65%
LE Internazionale 2 Carlos Augusto
63%
MC Zenit 1 Gerson
61%
LD Monaco 3 Vanderson
59%
LD Botafogo 2 Vitinho
55%
MC Bahia 1 Jean Lucas
53%
ATA Flamengo 1 Samuel Lino
44%
ATA Bournemouth 1 Ryan
23%
ZAG Lille 2 Alex Ribeiro
19%
Nenhum quiz correspondente encontrado
Distribuição das Pontuações
Porcentagem de Pessoas com Cada Pontuação
Percentil de Números Respondidos
Sua Pontuação Histórica
Você não jogou esse quiz